000 01104nam a22002897i 4500
999 _c23105
_d23105
003 AR-CdUCM
008 241031b20232023 pe||||| |||| 00| 0 spa d
020 _a978-612-49048-8-2
040 _aMUNICIPALIDAD PROVINCIAL DEL CUSCO
_cBIBLIOTECA MUNICIPAL DEL CUSCO
041 _hspa
082 _a001.42 / M87
_bM87
100 _aMoscoso Paricoto, Isela
_950227
245 _aRompiendo paradigmas en la investigación científica /
260 _aCusco :
_bAtenea Editores.
_c2023
300 _a94 páginas. :
_c24 cm
500 _zBibliografía: páginas 93 - 94
505 _aVerbos únicos en la praxis cuantitativa -- Directo a la bombonera -- Chapa dos variables -- Tres por tres -- Quien manda a quien --Variable independiente -- Para que sirve la tesis -- Inbox cotizamos
650 _aPraxis
_920518
650 _aInvestigación
_91940
650 _aTesis
_91981
650 _aVariable
_950755
700 _aAbarca Arrambide, Roxana Julia
_950756
700 _aCruz Chuyma, Roxana
_950753
700 _aAceituno Huacani, Carlos
_949619
942 _2ddc
_cLIBROS
945 _apbj
_d30-10-2024